| Art - Music/Opera | 8 | 15.00 | 88% | 25% | 38% |
| Art - Other | 5 | 18.00 | 60% | 60% | 60% |
| Art - Painting/Sculpture | 7 | 12.86 | 57% | 43% | 29% |
| Art - Visual | 2 | 20.00 | 50% | 50% | 100% |
| Current Events/Modern World - Mixed/Any | 1 | 20.00 | 100% | 0% | 100% |
| Current Events/Modern World - Rest of world political | 1 | 20.00 | 100% | 100% | 0% |
| Current Events/Modern World - Rest of world social | 1 | 30.00 | 100% | 100% | 100% |
| Geography - Europe | 1 | 20.00 | 0% | 100% | 100% |
| Geography - Mixed/any | 1 | 30.00 | 100% | 100% | 100% |
| Geography - Oceania/Pacific | 1 | 30.00 | 100% | 100% | 100% |
| History - American | 6 | 16.67 | 50% | 50% | 67% |
| History - European | 11 | 11.82 | 55% | 27% | 36% |
| History - Other | 9 | 17.78 | 67% | 33% | 78% |
| History - World | 12 | 15.00 | 42% | 58% | 50% |
| Literature - American any | 2 | 15.00 | 50% | 100% | 0% |
| Literature - American long fiction | 3 | 20.00 | 100% | 67% | 33% |
| Literature - American poetry | 2 | 20.00 | 100% | 50% | 50% |
| Literature - American short fiction | 1 | 20.00 | 100% | 100% | 0% |
| Literature - British any | 2 | 20.00 | 100% | 50% | 50% |
| Literature - British long fiction | 4 | 12.50 | 75% | 25% | 25% |
| Literature - British poetry | 2 | 15.00 | 100% | 50% | 0% |
| Literature - European long fiction | 2 | 20.00 | 0% | 100% | 100% |
| Literature - European short fiction | 1 | 20.00 | 100% | 0% | 100% |
| Literature - World/Misc any | 2 | 20.00 | 50% | 50% | 100% |
| Literature - World/Misc long fiction | 4 | 17.50 | 100% | 25% | 50% |
| Literature - World/Misc poetry | 2 | 5.00 | 50% | 0% | 0% |
| Literature - World/Misc short fiction | 1 | 10.00 | 100% | 0% | 0% |
| Mythology - Americas | 1 | 10.00 | 0% | 100% | 0% |
| Mythology - Egyptian | 1 | 20.00 | 0% | 100% | 100% |
| Mythology - Greco/Roman | 4 | 17.50 | 75% | 25% | 75% |
| Mythology - Hindu | 1 | 10.00 | 100% | 0% | 0% |
| Mythology - Mixed/Any | 1 | 0.00 | 0% | 0% | 0% |
| Other Academic/Cross-Category - Any | 1 | 10.00 | 0% | 100% | 0% |
| Philosophy - 20th century | 1 | 20.00 | 100% | 0% | 100% |
| Philosophy - Enlightenment | 1 | 30.00 | 100% | 100% | 100% |
| Philosophy - Medieval | 1 | 20.00 | 100% | 100% | 0% |
| Philosophy - Mixed/Any | 2 | 15.00 | 50% | 0% | 100% |
| Philosophy - Pre-20th | 2 | 15.00 | 0% | 50% | 100% |
| Religion - Christianity/Judaism | 1 | 30.00 | 100% | 100% | 100% |
| Religion - Hinduism | 1 | 20.00 | 0% | 100% | 100% |
| Religion - Islam | 3 | 10.00 | 0% | 0% | 100% |
| Religion - Mixed/Any | 3 | 13.33 | 33% | 67% | 33% |
| Science - Astronomy | 1 | 20.00 | 100% | 100% | 0% |
| Science - Biology | 9 | 12.22 | 56% | 33% | 33% |
| Science - Chemistry | 7 | 15.71 | 29% | 43% | 86% |
| Science - Compsci | 2 | 20.00 | 0% | 100% | 100% |
| Science - Earth | 1 | 20.00 | 100% | 0% | 100% |
| Science - Engineering | 1 | 20.00 | 0% | 100% | 100% |
| Science - Other | 3 | 16.67 | 67% | 67% | 33% |
| Science - Other/CL/Misc | 1 | 20.00 | 100% | 100% | 0% |
| Science - Physics | 7 | 15.71 | 71% | 43% | 43% |
| Social Science - Anthropology | 1 | 20.00 | 0% | 100% | 100% |
| Social Science - Economics | 3 | 10.00 | 0% | 100% | 0% |
| Social Science - Linguistics | 1 | 10.00 | 0% | 100% | 0% |
| Social Science - Psychology | 2 | 15.00 | 0% | 50% | 100% |
| Social Science - Sociology | 1 | 20.00 | 100% | 0% | 100% |